Lord of the global village/ (Record no. 164869)

MARC details
000 -LEADER
fixed length control field 00549nam a2200193 4500
005 - DATE AND TIME OF LATEST TRANSACTION
control field 20190529174205.0
010 ## - LCCN (DPL NO)
LC control number ENG-125369
020 ## - INTERNATIONAL STANDARD BOOK NUMBER
International Standard Book Number 9788193314159
Terms of availability 250.00
035 ## - SYSTEM CONTROL NUMBER
System control number EN-108901
037 ## - SOURCE OF ACQUISITION
Source of stock number/acquisition DBAD/PUB
082 ## - DEWEY DECIMAL CLASSIFICATION NUMBER
Classification number N
100 ## - MAIN ENTRY--PERSONAL NAME
Personal name Ranendra
245 ## - TITLE STATEMENT
Title Lord of the global village/
Statement of responsibility, etc by Ranendra; tran. by Rajesh Kumar
260 ## - PUBLICATION, DISTRIBUTION, ETC. (IMPRINT)
Place of publication, distribution, etc New Delhi
Name of publisher, distributor, etc Speaking Tiger Publishing
Date of publication, distribution, etc 2017
270 ## - ADDRESS
Address 4318/4 Ansari Road, Daryaganj
City New Delhi
Postal code 110002
300 ## - PHYSICAL DESCRIPTION
Extent vi,166p
Dimensions 20cm(pbk)
700 ## - ADDED ENTRY--PERSONAL NAME
Personal name Kumar Rajesh
942 ## - ADDED ENTRY ELEMENTS (KOHA)
Source of classification or shelving scheme Dewey Decimal Classification
Item type English Books
Classification part N
Call number suffix RAN
Holdings
Withdrawn status Lost status Not for loan Collection code Home library Current library Date acquired Source of acquisition Cost, normal purchase price Full call number Barcode Copy number Cost, replacement price Koha item type
    Not For Loan Fiction D.B.Act.Division Central Library 29/05/2019 DBAD/PUB 250.00 N RAN EN-108901 1 250.00 English Books

© Delhi Public Library
Hit Counter
free hit counter